Core Jini / (Record no. 178144)

MARC details
000 -LEADER
fixed length control field 00711cam a2200217 a 4500
001 - CONTROL NUMBER
control field vtls001683860
003 - CONTROL NUMBER IDENTIFIER
control field MY-SjTCS
005 - DATE AND TIME OF LATEST TRANSACTION
control field 20200226121201.0
008 - FIXED-LENGTH DATA ELEMENTS--GENERAL INFORMATION
fixed length control field 110218s1999 njua 001 0 eng
020 ## - INTERNATIONAL STANDARD BOOK NUMBER
International Standard Book Number 013014469X
039 #9 - LEVEL OF BIBLIOGRAPHIC CONTROL AND CODING DETAIL [OBSOLETE]
Level of rules in bibliographic description 201209121151
Level of effort used to assign nonsubject heading access points izani
Level of effort used to assign subject headings 201102181240
Level of effort used to assign classification VLOAD
-- 200407271906
-- VLOAD
082 04 - DEWEY DECIMAL CLASSIFICATION NUMBER
Classification number 004.36
Item number EDW
100 1# - MAIN ENTRY--PERSONAL NAME
Personal name Edwards, W. Keith.
9 (RLIN) 9844
245 10 - TITLE STATEMENT
Title Core Jini /
Remainder of title W. Keith Edwards.
260 ## - PUBLICATION, DISTRIBUTION, ETC.
Place of publication, distribution, etc. Upper Saddle River, N.J. :
Name of publisher, distributor, etc. Prentice Hall,
Date of publication, distribution, etc. c1999.
300 ## - PHYSICAL DESCRIPTION
Extent xxxix, 772 p. :
Other physical details ill. ;
Dimensions 24 cm.
490 #4 - SERIES STATEMENT
Series statement The Sun Microsystems Press series.
500 ## - GENERAL NOTE
General note Includes index.
650 #0 - SUBJECT ADDED ENTRY--TOPICAL TERM
Topical term or geographic name entry element Electronic data processing
General subdivision Distributed processing.
9 (RLIN) 26611
920 ## - Programme
Programme SOCIT : 560347
Holdings
Withdrawn status Lost status Source of classification or shelving scheme Damaged status Not for loan Collection code Home library Current library Date acquired Total Checkouts Barcode Date last seen Date last checked out Copy number Koha item type Public note
Withdrawn   Dewey Decimal Classification     Please fill up online form at https://taylorslibrary.taylors.edu.my/services/external_storage1 Taylor's Library-TU TU External Storage-LCS 27/07/2004   1000103899 12/12/2019 20/04/2010 1 Main Collection SOCIT, SOCIT, 560347